Famous Duos - Statistics

General Stats
  • This quiz has been taken 37 times
  • The average score is 35 of 50
Answer Stats
Person 1 Person 2 % Correct
49) Romeo and Juliet
97%
42) Barbie and Ken
97%
19) Batman and Robin
94%
32) Tarzan and Jane
91%
37) Mickey and Minnie
91%
39) Lilo and Stitch
91%
17) Tom and Jerry
88%
9) Simon and Garfunkel
85%
11) David and Goliath
85%
4) Dr Jekyll and Mr Hyde
85%
7) Bonnie and Clyde
82%
24) Shrek and Donkey
82%
6) Thelma and Louise
82%
15) Cain and Abel
79%
40) Beavis and Butthead
79%
1) Abbott and Costello
79%
21) Bert and Ernie
79%
23) Mario and Luigi
79%
26) C3PO and R2D2
79%
27) Holmes and Watson
79%
38) Calvin and Hobbes
76%
36) Wile E Coyote and the Road Runner
76%
12) Ren and Stimpy
76%
16) Butch Cassidy and the Sundance Kid
76%
28) Sonny and Cher
74%
13) Rick and Morty
74%
44) Woody and Buzz
71%
2) Cheech and Chong
71%
41) Kermit and Miss Piggy
71%
20) Spongebob and Patrick
71%
14) Rocky and Bullwinkle
68%
25) Han Solo and Chewbacca
68%
50) Hall and Oates
68%
5) Garfield and Odie
68%
31) Mulder and Scully
68%
48) Scooby and Shaggy
68%
3) Pinky and the Brain
65%
18) Mary Kate and Ashley
62%
22) Phineas and Ferb
62%
46) Doc Brown and Marty McFly
62%
8) Snoopy and Woodstock
62%
43) Zelda and Link
53%
45) Kirk and Spock
53%
10) Harold and Kumar
50%
30) Brooks and Dunn
44%
33) Timon and Pumbaa
44%
47) Joey and Chandler
41%
29) Wayne and Garth
35%
34) Glinda and Elphaba
32%
35) Phil and Lil
6%
No matching quizzes found
Score Distribution
Percent of People with Each Score
Percentile by Number Answered
Your Score History
You have not taken this quiz